=LDR 00000nam 2200000 4500 =001 $a INLIS000000000008407 =005 $a 20260605101326 =008 $a 260605################g##########0#ind## =022 ##$$a - =035 ##$$a 0010-0626000034 =082 ##$$a 304.660 6 =084 ##$$a 304.660 6 BAD k =110 #$$a Badan Koordinasi dan Keluarga Berencana Nasional =245 ##$$a Kebijakan dan Strategi Operasional Pencapaian Sasaran Program Bidang Keluarga Sejahtera dan Pemberdayaan Keluarga Tahun 2008 dan 2009 $b - $c Badan Koordinasi dan Keluarga Berencana Nasional =247 ##$$a =260 ##$$a Jakarta $b BKKBN $c 2008 =300 ##$$a 167 hlm. $b ilus. $c 29 cm. $e =310 ##$$a =321 ##$$a =520 #$$a =650 #$$a Keluarga Berencana =700 #$$a =856 ##$$a =Wor $a 1